'oom' Words Quiz Stats

Quiz Updated Jan 20, 2017

Also try: OO Words
Challenge
Share
Tweet
Embed
Score 0/18 Timer 05:00
5 Plays Today
Description 'oom' word % Correct
Bride's counterpartgroom
97.4%
What a witch 'sits on' for flying; or the handle of Harry Potter's Nimbus 2000broomstick
95.9%
The flower of a plantbloom
94.2%
To move about rapidly (or the noise of that); Mazda cars do itzoom
91%
A person living with another, usually for the purposes of sharing expenses or for companyroommate
88.5%
A slang name for a large, portable music playerboombox
88.4%
Judge Judy rules herecourtroom
85.8%
A frame or machine in which a weaver weaves cloth out of threadloom
82.7%
An object that is passed down to other family members, sometimes for many generationsheirloom
81.9%
Description 'oom' word % Correct
Small factory workers in Charlie and the Chocolate Factory who impart words of wisdom (2 words)Oompa Loompas
81.5%
A meeting place for company executives; or where Donald Trump said 'You're fired.'boardroom
78.9%
Partial or total darkness; a feeling of melancholy; or a Pokémon Grass-Type between Oddish & VileplumeGloom
75%
Some people use this word for the end of the world; armageddondoomsday
71.7%
A curved piece of wood used by various cultures as a weapon or for hunting; especially associated with Australian indigenous peopleboomerang
68.5%
Onomatopoeia for a loud explosion; or one of Billy Mays' cleaning productsKaboom
62.8%
A place that has sprung up or expanded rapidly, especially in the Old West or for gold seekersboomtown
62.6%
iRobot's name for its robotic vacuum cleanerRoomba
43.7%
A brown character in Nintendo's Super Mario series video games; likeness is based on a type of Asian mushroomGoomba
33%

You're not logged in!

Compare scores with friends on all Sporcle quizzes.
Join for Free
OR
Log In

You Might Also Like...

Show Comments

Extras

Top Quizzes Today


Score Distribution

Your Account Isn't Verified!

In order to create a playlist on Sporcle, you need to verify the email address you used during registration. Go to your Sporcle Settings to finish the process.

Report this User

Report this user for behavior that violates our Community Guidelines.

Details: